[Event "Botvinnik 100th Open"]
[Site "St Petersburg RUS"]
[Date "2011.08.12"]
[Round "1"]
[White "Vager, Boris"]
[Black "Predke, Alexandr"]
[Result "0-1"]
[WhiteTitle "FM"]
[WhiteElo "2127"]
[BlackElo "2450"]
[WhiteFideId "4118537"]
[BlackFideId "24107581"]
[EventDate "2011.08.12"]

1. d4 Nf6 2. Nf3 d5 3. Bf4 c5 4. c3 Nc6 5. e3 Qb6 6. Qb3 c4 7. Qxb6 axb6 8. Nbd2
b5 9. a3 Bf5 10. Rc1 h6 11. h3 e6 12. Be2 Be7 13. O-O Nd7 14. Bd1 g5 15. Bh2 h5
16. Bc2 Bxc2 17. Rxc2 g4 18. Ne1 Nb6 19. e4 Kd7 20. Kh1 Rag8 21. exd5 exd5 22.
Bf4 Nd8 23. f3 Ne6 24. Bh2 g3 25. Bg1 Nf4 26. Be3 Bg5 27. Bxf4 Bxf4 28. b3 Re8
29. bxc4 bxc4 30. Nb1 Na4 31. Ra2 Re6 32. Nc2 Rhe8 33. Kg1 Kd6 34. Nb4 b5 35.
Nc2 Re2 36. Nb4 Nb2 37. a4 Rxg2+ 38. Kxg2 Re2+ 39. Rf2 Rxf2+ 40. Kg1 Be3 0-1

[Event "Botvinnik 100th Open"]
[Site "St Petersburg RUS"]
[Date "2011.08.12"]
[Round "1"]
[White "Eryshkanova, Anastasiya"]
[Black "Tunik, Gennady"]
[Result "1/2-1/2"]
[WhiteTitle "WFM"]
[BlackTitle "GM"]
[WhiteElo "2122"]
[BlackElo "2440"]
[WhiteFideId "24119059"]
[BlackFideId "4101219"]
[EventDate "2011.08.12"]

1. e4 c5 2. g3 g6 3. Bg2 Bg7 4. Ne2 Nc6 5. d3 d6 6. Nd2 e5 7. O-O Nge7 8. Nc3
Rb8 9. a4 a6 10. f4 exf4 11. gxf4 f5 12. Nc4 b5 13. axb5 axb5 14. Ne3 b4 15.
Ncd5 Nxd5 16. exd5 Ne7 17. Re1 O-O 18. Nc4 Qc7 19. Qe2 Bf6 20. Be3 Bd7 21. Bf2
Rbe8 22. Qd2 Nc8 23. c3 bxc3 24. bxc3 Nb6 25. Nxb6 Rxe1+ 26. Qxe1 Qxb6 27. Rb1
Qa5 28. c4 Qxe1+ 29. Bxe1 Ra8 30. Bf3 Kf7 31. Bf2 Ke7 32. Bxc5 Ra1 33. Rxa1 Bxa1
34. Be3 Bf6 35. d4 h6 36. c5 Bb5 37. Kf2 Bh4+ 38. Kg2 Bf6 39. Kf2 Bh4+ 40. Kg2
Bf6 1/2-1/2

[Event "Botvinnik 100th Open"]
[Site "St Petersburg RUS"]
[Date "2011.08.12"]
[Round "1"]
[White "Polivanov, Anatoliy"]
[Black "Aseev, Vladimir"]
[Result "1-0"]
[WhiteTitle "IM"]
[WhiteElo "2435"]
[BlackElo "2116"]
[WhiteFideId "14109468"]
[BlackFideId "24121371"]
[EventDate "2011.08.12"]

1. e4 c6 2. d4 d5 3. f3 e6 4. Nc3 Bb4 5. Bf4 Nf6 6. Qd3 b6 7. Ne2 Ba6 8. Qe3 O-O
9. O-O-O c5 10. a3 cxd4 11. Nxd4 Bc5 12. Bxa6 Nxa6 13. Qd3 Bxd4 14. Qxd4 dxe4
15. Bd6 Re8 16. fxe4 e5 17. Qe3 Ng4 18. Qe2 Qg5+ 19. Kb1 Nc5 20. Nd5 Ne6 21. h4
Qh5 22. Ne3 Nf6 23. g4 Nf4 24. Qf3 Qg6 25. Nf5 Qxg4 26. Nh6+ gxh6 27. Rhg1 h5
28. Bxe5 Ng6 29. Rxg4 hxg4 30. Qxf6 Rxe5 31. Rd5 Rae8 32. h5 Rxd5 33. exd5 Ne5 1-0

[Event "Botvinnik 100th Open"]
[Site "St Petersburg RUS"]
[Date "2011.08.12"]
[Round "1"]
[White "Ljubarov, Mark"]
[Black "Efanov, Nikolai"]
[Result "0-1"]
[BlackTitle "IM"]
[WhiteElo "2115"]
[BlackElo "2423"]
[WhiteFideId "4142110"]
[BlackFideId "4187997"]
[EventDate "2011.08.12"]

1. e4 c5 2. Nf3 d6 3. c3 Nf6 4. h3 Nc6 5. Bd3 d5 6. e5 Nd7 7. e6 fxe6 8. Ng5 Nf6
9. Bxh7 Nxh7 10. Qh5+ Kd7 11. Nxh7 Kc7 12. d4 e5 13. Qg6 cxd4 14. Ng5 Qd6 15.
Qc2 Qf6 16. O-O Bf5 17. Qb3 e6 18. f4 Qg6 19. Na3 a6 20. Rf2 Bc5 21. g4 Be4 22.
f5 exf5 23. Nxe4 dxe4 24. Rxf5 Raf8 25. Rxf8 Rxf8 26. Qd5 Qf6 27. Qxe4 Qf2+ 28.
Kh1 Rf3 29. Qh7 Qe1+ 0-1

[Event "Botvinnik 100th Open"]
[Site "St Petersburg RUS"]
[Date "2011.08.12"]
[Round "1"]
[White "Lanin, Alexsej"]
[Black "Korniyuk, Mariya"]
[Result "1-0"]
[WhiteTitle "IM"]
[BlackTitle "WFM"]
[WhiteElo "2423"]
[BlackElo "2104"]
[WhiteFideId "4154959"]
[BlackFideId "14118874"]
[EventDate "2011.08.12"]

1. e4 c6 2. d4 g6 3. c3 Bg7 4. Bd3 d5 5. e5 Nh6 6. h3 O-O 7. f4 Bf5 8. Ne2 e6 9.
Be3 Bxd3 10. Qxd3 f5 11. Nd2 Nd7 12. b3 Rc8 13. c4 dxc4 14. bxc4 Nb6 15. Qb3 Rf7
16. Nf3 Rd7 17. Nc3 Bf8 18. Rd1 Qe7 19. Rb1 Nf7 20. g4 Nh6 21. Rg1 c5 22. d5
exd5 23. cxd5 c4 24. Qd1 Qa3 25. Qd2 Bb4 26. Rxb4 Qxb4 27. d6 Kg7 28. Bd4 Kf8
29. Kf2 Na4 30. Nxa4 Qxa4 31. e6 1-0

[Event "Botvinnik 100th Open"]
[Site "St Petersburg RUS"]
[Date "2011.08.12"]
[Round "1"]
[White "Skvortsov, Alexander"]
[Black "Ovod, Evgenija"]
[Result "1-0"]
[BlackTitle "IM"]
[WhiteElo "2103"]
[BlackElo "2420"]
[WhiteFideId "24170038"]
[BlackFideId "4131827"]
[EventDate "2011.08.12"]

1. e4 e5 2. Nf3 Nc6 3. Bb5 Nf6 4. d3 Bc5 5. O-O d6 6. Be3 Bb6 7. Nc3 O-O 8. Ne2
Bg4 9. c3 Nh5 10. Ng3 Bxe3 11. fxe3 Nxg3 12. hxg3 Ne7 13. Bc4 c6 14. Qe1 d5 15.
Bb3 Qd6 16. Nh4 dxe4 17. dxe4 g6 18. Nf3 Kg7 19. Rd1 Qc5 20. Ng5 f6 21. Ne6+
Bxe6 22. Bxe6 Rad8 23. Rxd8 Rxd8 24. Qf2 Rf8 25. Rd1 f5 26. exf5 gxf5 27. Rd7
Kf6 28. Bb3 b5 29. g4 Kg5 30. gxf5 Rxf5 31. Qg3+ Kh6 32. Bc2 e4 33. Bxe4 Rg5 34.
Qd6+ Qxd6 35. Rxd6+ Kg7 36. Bxc6 Nxc6 37. Rxc6 Rd5 38. Rc7+ Kg6 39. Rxa7 Rd2 40.
b4 Rc2 41. Ra5 Rxc3 42. Rxb5 Ra3 43. Ra5 Rxe3 44. a4 1-0

[Event "Botvinnik 100th Open"]
[Site "St Petersburg RUS"]
[Date "2011.08.12"]
[Round "1"]
[White "Yaksin, Oleg"]
[Black "Androsov, Sergey"]
[Result "1-0"]
[WhiteElo "2414"]
[BlackElo "2090"]
[WhiteFideId "24105880"]
[BlackFideId "4102681"]
[EventDate "2011.08.12"]

1. d4 Nf6 2. c4 e6 3. g3 d5 4. Nf3 c6 5. Qc2 Bb4+ 6. Bd2 Bxd2+ 7. Nbxd2 O-O 8.
Bg2 Nbd7 9. O-O Qc7 10. e4 dxe4 11. Nxe4 Nxe4 12. Qxe4 Nf6 13. Qe5 Qb6 14. b3 a5
15. Rab1 Qb4 16. Qe1 Rd8 17. Qc1 Qd6 18. c5 Qc7 19. Rd1 Nd5 20. Ne5 Bd7 21. Nc4
b5 22. Bxd5 cxd5 23. Nd6 Bc6 24. a3 Qe7 25. Re1 b4 26. a4 Qf6 27. Qd2 g6 28. Re5
Kg7 29. Rbe1 Be8 30. h4 Bd7 31. h5 Rdb8 32. Kg2 Qe7 33. Rg5 Qf6 34. Rg4 e5 35.
dxe5 Qe6 36. Rf4 Qh3+ 37. Kg1 Rf8 38. hxg6 1-0

[Event "Botvinnik 100th Open"]
[Site "St Petersburg RUS"]
[Date "2011.08.12"]
[Round "1"]
[White "Azimova, Karina"]
[Black "Ponfilenok, Vladimir"]
[Result "1-0"]
[WhiteElo "2087"]
[BlackElo "2413"]
[WhiteFideId "4108310"]
[BlackFideId "24113522"]
[EventDate "2011.08.12"]

1. e4 e6 2. d4 d5 3. Nd2 c5 4. Ngf3 Nf6 5. exd5 exd5 6. Bb5+ Bd7 7. Bxd7+ Nbxd7
8. O-O Be7 9. b3 O-O 10. Bb2 Re8 11. Re1 Qc7 12. dxc5 Bxc5 13. Rxe8+ Rxe8 14.
Nd4 Qb6 15. N2f3 Ne4 16. Qd3 a6 17. Rf1 Ndf6 18. a3 Qc7 19. Bc1 Ba7 20. Be3 Bc5
21. b4 Bb6 22. h3 Rc8 23. Rd1 g6 24. Nd2 Nc3 25. Re1 Qd6 26. N4b3 Na4 27. Bxb6
Qxb6 28. Nf3 Nb2 29. Qd4 Qxd4 30. Nfxd4 Nc4 31. Re7 Nd6 32. Nc5 Kf8 33. Re2 Rc7
34. Nde6+ 1-0

[Event "Botvinnik 100th Open"]
[Site "St Petersburg RUS"]
[Date "2011.08.12"]
[Round "1"]
[White "Monin, Nikolay"]
[Black "Emdin, Mark"]
[Result "0-1"]
[WhiteTitle "IM"]
[WhiteElo "2403"]
[BlackElo "2068"]
[WhiteFideId "4104013"]
[BlackFideId "4100050"]
[EventDate "2011.08.12"]

1. d4 d5 2. Nf3 Nf6 3. Bf4 c5 4. e3 Nc6 5. c3 Qb6 6. Qb3 c4 7. Qxb6 axb6 8. Na3
Nh5 9. Bc7 Ra6 10. h3 e6 11. Nb5 Be7 12. Be2 Nf6 13. O-O Ra5 14. a4 Ra6 15. Nd2
Na5 16. Rfb1 Bd7 17. b3 cxb3 18. Nxb3 Nxb3 19. Rxb3 O-O 20. Nd6 Bxa4 21. Bxa6
Bxb3 22. Bxb7 Bd8 23. Bb8 h6 24. Rb1 Bc2 25. Rb2 Bd3 26. f3 Nd7 27. Ba7 Bc7 28.
Nc8 b5 29. Kf2 Ba5 30. Rb3 Bc4 31. Ra3 Bc7 32. e4 dxe4 33. fxe4 Nf6 34. Ke3 Kh8
35. Nb6 Bf1 36. Kf3 Bd3 37. e5 Bxb6 38. Bxb6 Nd5 39. Bc5 Rb8 40. Bc6 Rc8 41. Ba8
Bc4 42. Bb4 Kh7 43. Ra7 Rxa8 44. Rxa8 Nxb4 45. Ke3 Nd5+ 46. Kd2 Nf4 47. Ra7 Kg6
48. h4 Nxg2 0-1

[Event "Botvinnik 100th Open"]
[Site "St Petersburg RUS"]
[Date "2011.08.12"]
[Round "1"]
[White "Musalov, Ruslan"]
[Black "Abuladze, Lana"]
[Result "1-0"]
[BlackTitle "WFM"]
[WhiteElo "2399"]
[BlackElo "2048"]
[WhiteFideId "4141490"]
[BlackFideId "24111210"]
[EventDate "2011.08.12"]

1. e4 e5 2. Nf3 Nc6 3. Bb5 f5 4. d4 fxe4 5. Nxe5 Nxe5 6. dxe5 c6 7. Be2 Qa5+ 8.
Bd2 Qxe5 9. Bh5+ Kd8 10. O-O Nf6 11. Be2 d5 12. Be3 Bd6 13. g3 Bh3 14. Re1 h5
15. Nd2 Kc7 16. Nb3 h4 17. Bf4 Qe7 18. Qd2 hxg3 19. fxg3 Bxf4 20. Qxf4+ Qd6 21.
Qg5 Rag8 22. c4 d4 23. c5 Qd5 24. Qxd5 cxd5 25. Nxd4 Bg4 26. b4 Rh5 27. b5 Bxe2
28. Rxe2 Nd7 29. Ne6+ Kc8 30. Rc1 Ne5 31. Nd4 Rgh8 32. c6 bxc6 33. bxc6 Nf3+ 34.
Nxf3 exf3 35. Rb2 Re5 36. h4 Re2 37. Rxe2 fxe2 38. Kf2 Re8 39. Re1 Kc7 40. Rxe2
Rxe2+ 41. Kxe2 Kxc6 42. Kd3 Kc5 43. a4 d4 44. g4 Kd5 45. h5 Ke5 46. g5 Kf5 47.
h6 gxh6 48. gxh6 Kg6 49. Kxd4 Kxh6 50. Kc5 Kg6 51. Kb5 1-0

[Event "Botvinnik 100th Open"]
[Site "St Petersburg RUS"]
[Date "2011.08.12"]
[Round "1"]
[White "Tkachev, Ivan"]
[Black "Solovjov, Sergey I."]
[Result "0-1"]
[BlackTitle "IM"]
[WhiteElo "2047"]
[BlackElo "2387"]
[WhiteFideId "4186885"]
[BlackFideId "4122780"]
[EventDate "2011.08.12"]

1. g3 g6 2. Bg2 Bg7 3. Nf3 e5 4. d3 d6 5. c4 f5 6. Nc3 Nf6 7. O-O O-O 8. c5 Nc6
9. cxd6 cxd6 10. e4 f4 11. d4 Bg4 12. dxe5 dxe5 13. Qb3+ Kh8 14. Qxb7 Nd4 15.
Nxd4 exd4 16. e5 Rb8 17. Qxa7 f3 18. exf6 Qxf6 19. Nd5 Qd8 20. Nf4 fxg2 21. Nxg2
Bh3 22. Qc5 Qd7 23. f3 d3 24. Qf2 Rfe8 25. Re1 Bd4 26. Rxe8+ Rxe8 27. Be3 Bxe3
28. Nxe3 Qd4 29. Ng4 Qb4 30. a3 Qd6 31. Re1 Rxe1+ 32. Qxe1 d2 33. Qd1 Qd4+ 34.
Nf2 Qe3 0-1

[Event "Botvinnik 100th Open"]
[Site "St Petersburg RUS"]
[Date "2011.08.12"]
[Round "1"]
[White "Nedostup, Daniil"]
[Black "Bulanov, Dmitri"]
[Result "0-1"]
[BlackTitle "FM"]
[WhiteElo "2033"]
[BlackElo "2379"]
[WhiteFideId "24121576"]
[BlackFideId "13506382"]
[EventDate "2011.08.12"]

1. e4 c6 2. c4 d6 3. d4 e5 4. Nf3 Nd7 5. Nc3 Ngf6 6. Be2 Be7 7. O-O O-O 8. Qc2
Re8 9. Rd1 Qc7 10. Rb1 a5 11. a3 Nf8 12. h3 exd4 13. Nxd4 Ne6 14. Nf5 Bf8 15.
Be3 Nc5 16. Ng3 a4 17. Bxc5 dxc5 18. Bf3 Qa5 19. Nce2 g6 20. Nf4 Bg7 21. Nd3 Nd7
22. Bg4 Nf8 23. Bxc8 Raxc8 24. Re1 Ne6 25. e5 Rcd8 26. Rbd1 Nd4 27. Qc1 Nb3 28.
Qc2 f6 29. f4 fxe5 30. Nxe5 Nd4 31. Qf2 Qc7 32. Ne4 b6 33. h4 Rf8 34. Qg3 Ne2+
35. Rxe2 Rxd1+ 0-1

[Event "Botvinnik 100th Open"]
[Site "St Petersburg RUS"]
[Date "2011.08.12"]
[Round "1"]
[White "Dzhumagaliev, Yan"]
[Black "Abramichev, Artyom"]
[Result "1-0"]
[WhiteTitle "FM"]
[WhiteElo "2375"]
[BlackElo "2029"]
[WhiteFideId "24100110"]
[BlackFideId "4135520"]
[EventDate "2011.08.12"]

1. Nf3 Nf6 2. c4 g6 3. b3 Bg7 4. Bb2 c6 5. g3 d5 6. Bg2 O-O 7. O-O Qb6 8. Qc2
Bf5 9. d3 a5 10. Nc3 Na6 11. Na4 Qd8 12. c5 Nd7 13. Bxg7 Kxg7 14. Nd4 e5 15.
Nxf5+ gxf5 16. d4 e4 17. Qd2 Qf6 18. f3 Qg6 19. Bh3 Qh5 20. Kg2 Nf6 21. Nc3 Rfe8
22. fxe4 Nxe4 23. Nxe4 fxe4 24. Qe3 Re7 25. Rf5 Qh6 26. Rg5+ 1-0

[Event "Botvinnik 100th Open"]
[Site "St Petersburg RUS"]
[Date "2011.08.12"]
[Round "1"]
[White "Pshenichny, Vladimir"]
[Black "Mokshanov, Alexey"]
[Result "0-1"]
[BlackTitle "FM"]
[WhiteElo "2025"]
[BlackElo "2372"]
[WhiteFideId "4199138"]
[BlackFideId "24121657"]
[EventDate "2011.08.12"]

1. c4 e5 2. Nc3 Nf6 3. Nf3 Nc6 4. d4 exd4 5. Nxd4 Bb4 6. Bg5 Qe7 7. f3 Qe5 8.
Nb5 Qxg5 9. Nxc7+ Kd8 10. Nxa8 Re8 11. Qd2 Re3 12. a3 Bxc3 13. bxc3 Qe5 14. Rc1
b6 15. Kf2 Qf4 16. Ke1 Bb7 17. g3 Qxf3 18. Rg1 Ne4 19. Kd1 Qf2 20. Rg2 Qxf1+ 21.
Kc2 Nxd2 22. Rxf1 Nxf1 0-1

[Event "Botvinnik 100th Open"]
[Site "St Petersburg RUS"]
[Date "2011.08.12"]
[Round "1"]
[White "Ulanov, Alexandr"]
[Black "Senkevich, Konstantin"]
[Result "1/2-1/2"]
[WhiteTitle "IM"]
[WhiteElo "2371"]
[BlackElo "2020"]
[WhiteFideId "24107646"]
[BlackFideId "4192389"]
[EventDate "2011.08.12"]

1. d4 d5 2. Nf3 c5 3. dxc5 e6 4. e4 Bxc5 5. exd5 exd5 6. Bb5+ Nc6 7. O-O Ne7 8.
h3 O-O 9. Nc3 Bf5 10. Bg5 h6 11. Bh4 Qb6 12. Qe2 Qc7 13. Bxe7 Nxe7 14. Bd3 Be6
15. Nb5 Qb6 16. c3 Nf5 17. Qe5 Rfe8 18. Nc7 Bd6 19. Nxa8 Rxa8 20. Qe1 Ng3 21.
Qd2 Nxf1 22. Rxf1 Re8 23. Bc2 Be7 24. Nd4 Bf6 25. Nxe6 Rxe6 26. Bb3 Qb5 27. Qxd5
Qxd5 28. Bxd5 Rb6 29. Bb3 a5 30. Re1 a4 31. Re8+ Kh7 32. Bc2+ g6 33. Bxa4 Rxb2
34. Bb3 Kg7 35. g3 Rd2 36. Kf1 Rd7 37. c4 b6 38. h4 Bd4 39. Kg2 Bc5 40. Re2 Kf6
41. Ba4 Rd4 42. Rc2 Bb4 43. Kf3 Rd2 44. Rxd2 Bxd2 45. Ke4 Be1 46. Ke3 Bb4 47. f4
Ke6 48. g4 h5 49. gxh5 gxh5 50. Kf2 Kf5 51. Bd1 Kxf4 52. Bxh5 Be7 1/2-1/2

[Event "Botvinnik 100th Open"]
[Site "St Petersburg RUS"]
[Date "2011.08.12"]
[Round "1"]
[White "Opanasenko, Mikhail"]
[Black "Vlasenko, Miroslav"]
[Result "0-1"]
[BlackTitle "IM"]
[WhiteElo "2017"]
[BlackElo "2371"]
[WhiteFideId "24176834"]
[BlackFideId "4151887"]
[EventDate "2011.08.12"]

1. e4 Nc6 2. d4 d5 3. Nc3 dxe4 4. d5 Nb8 5. Nxe4 Nf6 6. Nxf6+ exf6 7. Nf3 Bd6 8.
Be2 O-O 9. O-O Re8 10. Be3 Nd7 11. c4 a5 12. Nd4 g6 13. Qc2 Nc5 14. Rfe1 Rxe3
15. fxe3 Qf8 16. Bf1 Bd7 17. g3 h5 18. Nb3 Ba4 19. Qf2 Bxb3 20. axb3 Nxb3 21.
Rad1 Be5 22. Bg2 Qd6 23. Kh1 Kg7 24. Rd4 Rh8 25. Rf4 Nc5 26. Qd2 a4 27. Ref1
Bxf4 28. exf4 Re8 29. Re1 Rxe1+ 30. Qxe1 f5 31. h4 Qf6 32. Qe2 Qd4 33. Kh2 Nd3
34. Qd2 b6 35. Bf1 Qxb2 0-1

[Event "Botvinnik 100th Open"]
[Site "St Petersburg RUS"]
[Date "2011.08.12"]
[Round "1"]
[White "Dushin, Nikolay"]
[Black "Kashtanov, Ruslan"]
[Result "0-1"]
[BlackTitle "IM"]
[WhiteElo "2010"]
[BlackElo "2360"]
[WhiteFideId "4114612"]
[BlackFideId "4124871"]
[EventDate "2011.08.12"]

1. Nf3 c5 2. c4 Nf6 3. g3 d5 4. cxd5 Nxd5 5. Bg2 Nc6 6. Nc3 Nc7 7. d3 e5 8. Be3
Be7 9. Rc1 b6 10. Nd2 Bd7 11. O-O O-O 12. Nc4 f6 13. Bd2 Re8 14. Ne3 Rc8 15.
Ned5 Nxd5 16. Bxd5+ Kh8 17. Bg2 Nd4 18. e3 Nc6 19. Nd5 Bf8 20. Bc3 Be6 21. e4
Qd7 22. f4 exf4 23. Rxf4 Nb4 24. Bxb4 cxb4 25. Rxc8 Rxc8 26. Rf1 Qc6 27. b3 Qc2
28. d4 Qxa2 29. Rf2 Qa3 30. Bf1 Qc1 31. Qh5 Qa1 32. Nf4 Bxb3 33. d5 Bc5 34. Qh3
Bxf2+ 35. Kxf2 Qd4+ 36. Kf3 Bd1+ 37. Be2 Rc3+ 0-1

[Event "Botvinnik 100th Open"]
[Site "St Petersburg RUS"]
[Date "2011.08.12"]
[Round "1"]
[White "Martynenko, Andrei"]
[Black "Tarasov, Ilya"]
[Result "1-0"]
[WhiteTitle "FM"]
[WhiteElo "2357"]
[BlackElo "2006"]
[WhiteFideId "4167996"]
[BlackFideId "24157945"]
[EventDate "2011.08.12"]

1. e4 d6 2. d4 Nf6 3. Nc3 g6 4. Be3 c6 5. Nf3 Bg7 6. h3 O-O 7. Bd3 Qc7 8. Qd2 b5
9. O-O Nbd7 10. a4 b4 11. Ne2 a5 12. c3 bxc3 13. bxc3 Ba6 14. Ng3 Rfb8 15. Rfb1
Bxd3 16. Qxd3 c5 17. Nd2 cxd4 18. cxd4 Rb4 19. Rxb4 axb4 20. Nb3 h5 21. a5 h4
22. Ne2 d5 23. e5 Ne4 24. Rc1 Nc3 25. Nxc3 Qc4 26. Qc2 Rc8 27. Bd2 Nxe5 28. dxe5
Bxe5 29. Rd1 bxc3 30. Be3 Bf6 31. a6 e5 32. a7 d4 33. Ra1 d3 34. Nd2 Qd5 35.
Qxc3 Rxc3 36. a8=Q+ Qxa8 37. Rxa8+ Kg7 38. Ne4 Rc4 39. f3 Rc2 40. Ra3 Be7 41.
Rxd3 f5 42. Rd7 fxe4 43. Bg5 exf3 44. Rxe7+ Kf8 45. gxf3 Rc3 46. Rxe5 Rxf3 47.
Re3 Rf5 48. Bxh4 g5 49. Be1 Kf7 50. Kg2 Kg6 51. Bc3 Rf4 52. Kg3 Rc4 53. Re6+ Kf5
54. Rf6+ Ke4 55. Bd2 1-0

[Event "Botvinnik 100th Open"]
[Site "St Petersburg RUS"]
[Date "2011.08.12"]
[Round "1"]
[White "Tugarin, Anton"]
[Black "Alexikov, Alexander"]
[Result "0-1"]
[BlackTitle "IM"]
[WhiteElo "1976"]
[BlackElo "2353"]
[WhiteFideId "24151246"]
[BlackFideId "14103958"]
[EventDate "2011.08.12"]

1. d4 Nf6 2. Nf3 g6 3. g3 Bg7 4. Bg2 O-O 5. c4 d6 6. O-O c6 7. Nc3 Nbd7 8. e4 e5
9. h3 Qb6 10. c5 dxc5 11. dxe5 Ne8 12. Na4 Qa6 13. Qc2 c4 14. Bf4 Nc7 15. Rfd1
Ne6 16. Be3 b5 17. Nc3 Rb8 18. Ne2 Re8 19. a4 b4 20. Rac1 c3 21. bxc3 b3 22. Qb2
Ndc5 23. Bxc5 Nxc5 24. Nf4 Nxa4 25. Qd2 b2 26. Rb1 Qa5 27. c4 Qxd2 28. Rxd2 Ba6
29. Bf1 Red8 30. Rc2 Rb3 31. Nd2 Ra3 32. Kg2 Bxe5 33. h4 h6 34. Ne2 Ra1 0-1

[Event "Botvinnik 100th Open"]
[Site "St Petersburg RUS"]
[Date "2011.08.12"]
[Round "1"]
[White "Aitbayev, Aslan"]
[Black "Latonin, Mikhail"]
[Result "1-0"]
[WhiteElo "2346"]
[BlackElo "1968"]
[WhiteFideId "13704613"]
[BlackFideId "24138550"]
[EventDate "2011.08.12"]

1. e4 e6 2. d4 d5 3. Nd2 Nf6 4. e5 Nfd7 5. Bd3 c5 6. c3 Nc6 7. Ne2 cxd4 8. cxd4
f6 9. exf6 Nxf6 10. O-O Bd6 11. Nf3 O-O 12. Bf4 Bxf4 13. Nxf4 Ne4 14. Qc1 Ng5
15. Nxg5 Qxg5 16. Ne2 Qf6 17. Qd2 Bd7 18. Bb5 a6 19. Bxc6 Bxc6 20. Ng3 Be8 21.
Rac1 Bg6 22. Rc7 Rf7 23. Rfc1 Raf8 24. Rxf7 Qxf7 25. f3 h6 26. Qe3 Qd7 27. Qc3
Qb5 28. b3 Qd3 29. Qxd3 Bxd3 30. Kf2 g5 31. Ke3 Bg6 32. Ne2 Kg7 33. a4 Rf7 34.
a5 Re7 35. Rc5 Be8 36. g3 Bb5 37. Nc3 Bc6 38. Nd1 Bb5 39. Nf2 1-0

[Event "Botvinnik 100th Open"]
[Site "St Petersburg RUS"]
[Date "2011.08.12"]
[Round "1"]
[White "Novoselov, Igor"]
[Black "Nikolaev, Leonid"]
[Result "0-1"]
[BlackTitle "FM"]
[WhiteElo "1964"]
[BlackElo "2342"]
[WhiteFideId "24193950"]
[BlackFideId "14103249"]
[EventDate "2011.08.12"]

1. Nf3 c5 2. d3 Nc6 3. b3 d5 4. Nbd2 e5 5. e4 Nge7 6. Bb2 f6 7. Be2 Be6 8. c3 d4
9. Qc2 Ng6 10. g3 dxc3 11. Bxc3 Rc8 12. a4 Nd4 13. Bxd4 cxd4 14. Nc4 Bb4+ 15.
Nfd2 a6 16. a5 Bxa5 17. Rxa5 Qxa5 18. Nd6+ Kd7 19. Nxc8 Qa1+ 20. Bd1 Rxc8 21.
Nc4 Ke7 22. Qe2 b5 23. Nd2 Rc1 24. O-O Qb2 25. Kg2 a5 26. h3 Ra1 27. f4 exf4 28.
gxf4 Ra2 29. f5 Qxd2 30. Qxd2 Rxd2+ 31. Kg1 Nf4 32. Bg4 Nxh3+ 33. Bxh3 Bxb3 34.
Rc1 Rd1+ 35. Rxd1 Bxd1 0-1

[Event "Botvinnik 100th Open"]
[Site "St Petersburg RUS"]
[Date "2011.08.12"]
[Round "1"]
[White "Biriukov, Oleg V."]
[Black "Zheleznaykov, Peter"]
[Result "1-0"]
[WhiteTitle "IM"]
[WhiteElo "2339"]
[BlackElo "1962"]
[WhiteFideId "4123174"]
[BlackFideId "24104620"]
[EventDate "2011.08.12"]

1. d4 d5 2. c4 e6 3. Nf3 Nf6 4. g3 dxc4 5. Bg2 c5 6. O-O Nc6 7. Ne5 Nxe5 8. dxe5
Qxd1 9. Rxd1 Nd5 10. Na3 Bd7 11. Nxc4 Bc6 12. Na5 Be7 13. Nxc6 bxc6 14. Bd2 O-O
15. Rac1 Rab8 16. b3 h6 17. Bf1 Rfd8 18. Ba5 Re8 19. e4 Nb6 20. Bd2 Red8 21. Be3
Rxd1 22. Rxd1 Kf8 23. Rc1 Nd7 24. f4 Ke8 25. Kf2 Bf8 26. Be2 Rb6 27. h4 Rb4 28.
Kf3 Rb8 29. Bc4 Be7 30. Ke2 Bf8 31. g4 Rd8 32. g5 hxg5 33. hxg5 g6 34. Rh1 Bg7
35. Ba6 Rb8 36. Rc1 Bf8 37. Bd2 Bg7 38. Ba5 Bf8 39. Bc7 Rb4 40. Kf3 Rd4 41. Bb7
Rd3+ 42. Ke2 Rd4 43. Bxc6 Be7 44. Ba5 Kf8 45. Bc3 1-0

[Event "Botvinnik 100th Open"]
[Site "St Petersburg RUS"]
[Date "2011.08.12"]
[Round "1"]
[White "Kazantsev, Alexandr"]
[Black "Payen, Arnaud"]
[Result "1/2-1/2"]
[BlackTitle "IM"]
[WhiteElo "1958"]
[BlackElo "2339"]
[WhiteFideId "24181668"]
[BlackFideId "600814"]
[EventDate "2011.08.12"]

1. Nf3 Nf6 2. d4 g6 3. c4 Bg7 4. Nc3 O-O 5. e4 d6 6. Be2 Bg4 7. Be3 Nfd7 8. Rc1
Na6 9. O-O c5 10. d5 Nc7 11. Qd2 a6 12. a4 b6 13. h3 Bxf3 14. Bxf3 Rb8 15. Be2
e6 16. dxe6 Nxe6 17. Qxd6 Nd4 18. f4 Qe8 19. Bf3 Rd8 20. Qc7 Qe6 21. e5 Nxf3+
22. Rxf3 Nxe5 23. fxe5 Rd7 24. Qxd7 Qxd7 25. Rd1 Qe6 26. b3 Bxe5 27. Nd5 a5 28.
Bh6 Re8 29. Re3 g5 30. Bxg5 Qf5 31. Bh6 f6 32. Rf1 Qg6 33. Rxf6 Qh5 34. g4 Qh4
35. Kg2 Bxf6 36. Rxe8+ Kf7 37. Rf8+ Ke6 38. Rxf6+ Ke5 39. Bd2 Ke4 40. Rf3 Ke5
41. Bc3+ Kd6 42. Nf6 Qh6 43. Ne4+ Ke7 44. Bf6+ Ke8 45. Bg5 Qg6 46. Rf5 Kd7 47.
Kf3 h5 48. Nf6+ Kc8 49. Nxh5 Qc6+ 50. Rd5 Qg6 51. Nf4 Qb1 52. Rd3 Qh1+ 53. Ke3
Qe1+ 54. Kf3 Qh1+ 55. Kg3 Qg1+ 56. Kh4 Qe1+ 57. Kh5 Qe8+ 58. Kh6 Qh8+ 59. Kg6
Qg8+ 60. Kf5 Qh7+ 61. Ng6 b5 62. Rd5 bxa4 63. bxa4 Qxh3 64. Rxc5+ Kb7 65. Be7
Qd3+ 66. Kf6 Qf3+ 67. Kg5 Qe3+ 68. Kf6 1/2-1/2

[Event "Botvinnik 100th Open"]
[Site "St Petersburg RUS"]
[Date "2011.08.12"]
[Round "1"]
[White "Safronov, Kirill"]
[Black "Duzhakov, Ilya"]
[Result "0-1"]
[BlackTitle "FM"]
[WhiteElo "1942"]
[BlackElo "2338"]
[WhiteFideId "24141976"]
[BlackFideId "4192516"]
[EventDate "2011.08.12"]

1. d4 Nf6 2. c4 g6 3. Nc3 Bg7 4. e4 d6 5. Nf3 O-O 6. Be2 Nc6 7. O-O e5 8. d5 Ne7
9. b4 Nh5 10. Re1 f5 11. Ng5 Nf6 12. exf5 gxf5 13. f4 Ng6 14. Bh5 Re8 15. Rb1
exf4 16. Bxg6 hxg6 17. h4 Ng4 18. Nb5 a6 19. Nxc7 Bd4+ 20. Kh1 Re5 21. Rf1 Nf2+
22. Rxf2 Bxf2 23. Bb2 Qxc7 24. Bxe5 dxe5 25. d6 Qg7 26. Qd5+ Kf8 27. Rd1 Bxh4
28. Nf3 Bf6 29. d7 Qh7+ 30. Kg1 Qxd7 31. Qxd7 Bxd7 32. Rxd7 e4 33. Nd4 Ke8 34.
Rd5 Bxd4+ 35. Rxd4 Rd8 0-1